| 000 | 00563nam a2200205Ia 4500 | ||
|---|---|---|---|
| 005 | 20260429112315.0 | ||
| 008 | 260429s9999||||xx |||||||||||||| ||und|| | ||
| 020 | _a9788196560676 | ||
| 041 | _aEnglish | ||
| 082 |
_a370.954 _bKUM |
||
| 100 | _aKumari, Krishna | ||
| 245 | 0 |
_aGurukul system of education / _cKrishna Kumari |
|
| 260 |
_aNew Delhi : _bAtal Prakasan, _c2026. |
||
| 300 | _avii, 260 p.; hb | ||
| 650 | _a Gurukul system | ||
| 650 | _a Indian knowledge system | ||
| 650 | _a Traditional education | ||
| 650 | _aEducation-India | ||
| 942 | _cTB | ||
| 999 |
_c53405 _d53405 |
||